000 02500nam a2200301 a 4500
001 BRCA_3000
005 20190320204049.0
008 190109s1677----fr-#---###---#000-0#fre-u
041 _afre
044 _afr
084 _a320
_b.B374
_c1677
100 1 _aCervantes Saavedra, Miguel de
_d1547-1616
_9213
245 1 0 _aHistoire de L´Admirable Don Quixote de la Mancha
_cMiguel de Cervantes Saavedra; Traduite par Filleau de Saint-Martín.
260 _aParís
_bClaude Barbin
_c1677
300 _a4 v.
_c17 cm.
500 _aContenido : v 1. Primera parte. Advertencia del traductor. Texto. -- v 2. Texto. -- v 3. Segunda parte. Texto. -- v 4. Texto
500 _aFilleau de Saint-Martin, traductor de esta nueva versión francesa, hizo una traducción bastante mejor que las de César Oudin y F. de Rosset, pues aunque muchas veces omite palabras y frases dificiles de traducir, su versión no carece de elegancia y fluidez, aventajado en este punto a los primeros traductores. A esto se debe el éxito que obtuvo durante más de siglo y medio, su traducción. Sin embargo, son muy censurables las libertades que se tomó en suprimir las dedicatorias y prólogos de Cervantes, los versos preliminares de la primera parte, el soneto de Lorenzo, los últimos consejos que da Don Quijote a Sancho, así como en abreviar la novela del Curioso impertinente y otras. Pero, entre las muchas modificaciones introducidas por el traductor en la novela, es de mayor importancia la de la arbitraria y descabellada supresión del último capítulo de la segunda parte, para dejar con vida a Don Quijote y poder componer, como en efecto compuso, una continuación de las hazañas del héroe manchego, la cual apareció en las ediciones posteriores de 1695 y 1713. La primera parte se basa en la edición de Madrid (Cuesta, 1608), y la segunda en la de Bruselas, de 1616. Es, por lo tanto, la primera edición del citado traductor, en papel muy bueno, pero de impresión regular. Piel; lomeras decoradas con dorados Lúdovik Osterc
500 _aQM246
546 _aTexto en : francés
650 1 4 _aNovela española
_yÉpoca clásica, 1500-1700
_9215
650 1 4 _aLiteratura española
_yÉpoca clásica, 1500-1700
_9216
650 1 4 _aNovela española
_ySiglo XVII
_9217
650 1 4 _aDon Quijote (Personaje ficticio)
_eNovela
_9218
700 1 _aSaint-Martin, Francois Filleau de
_d1632-1695
_eTraductor
_98290
740 0 _aEl Ingenioso Hidalgo Don Quijote de la Mancha
902 _aQFM
942 _2lcc
_cB
999 _c2738
_d2738